| 000 | 00450 a2200157 4500 | ||
|---|---|---|---|
| 999 |
_c29846 _d29846 |
||
| 003 | NUST | ||
| 005 | 20180118123001.0 | ||
| 008 | 180118b xxu||||| |||| 00| 0 eng d | ||
| 020 | _a019953361X | ||
| 020 | _a9780199533619 | ||
| 082 | _a523.1 | ||
| 100 | 1 |
_aSilk, Joseph. _98722 |
|
| 245 | 1 | 4 |
_aThe infinite cosmos : _bquestions from the frontiers of cosmology / _cJoseph Silk. |
| 260 |
_a[S.l.] : _bOxford University Press, USA, _c2006. |
||
| 300 |
_a256 p. ; _c20 cm. |
||
| 700 |
_aSilk, Joseph. _98722 |
||
| 942 |
_aSNS _cBK _k523.1 SIL _2ddc |
||